Finite elements for electrical engineers (Record no. 65805)

000 -LEADER
fixed length control field 00493nam a22001817a 4500
003 - CONTROL NUMBER IDENTIFIER
control field NUST - PNEC
005 - DATE AND TIME OF LATEST TRANSACTION
control field 20170116180928.0
008 - FIXED-LENGTH DATA ELEMENTS--GENERAL INFORMATION
fixed length control field 150905b xxu||||| |||| 00| 0 eng d
020 ## - INTERNATIONAL STANDARD BOOK NUMBER
International Standard Book Number 0521253217
020 ## - INTERNATIONAL STANDARD BOOK NUMBER
International Standard Book Number 0521273102
040 ## - CATALOGING SOURCE
Transcribing agency LIBRARY
082 ## - DEWEY DECIMAL CLASSIFICATION NUMBER
Classification number 621.301515353 SIL
100 ## - MAIN ENTRY--PERSONAL NAME
9 (RLIN) 8061
Personal name Silvester, P. P.
245 ## - TITLE STATEMENT
Title Finite elements for electrical engineers
Statement of responsibility, etc. P. P. Silvester
260 ## - PUBLICATION, DISTRIBUTION, ETC.
Date of publication, distribution, etc. c.1983
650 ## - SUBJECT ADDED ENTRY--TOPICAL TERM
9 (RLIN) 8062
Topical term or geographic name entry element Electrical Engineering- Mathematics
General subdivision EE
942 ## - ADDED ENTRY ELEMENTS (KOHA)
Source of classification or shelving scheme
Koha item type Book
Holdings
Withdrawn status Lost status Source of classification or shelving scheme Damaged status Not for loan Permanent Location Current Location Shelving location Date acquired Total Checkouts Full call number Barcode Date last seen Price effective from Koha item type
          Pakistan Navy Engineering College (PNEC) Pakistan Navy Engineering College (PNEC)       621.301515353 SIL PNECLIB-012029 09/05/2015   Book
© 2023 Central Library, National University of Sciences and Technology. All Rights Reserved.